000 00774nam a2200229Ia 4500
999 _c37248
_d37248
001 3207
003 GE_BSU
005 20221101143600.0
008 181216s1996ru xx |||||||||||||| ||rus||
020 _a5691000187
040 _cGE_BSU
041 _arus
080 _a330.1( 075.8) Ш-65
100 _aШишкин, А.Ф.
_915692
245 _aЭкономическая теория: Учебное посбие для вузов
_bВ-2 кн.кн : 2/
_cА.Ф. Шишкин,
260 _b2-е изд.
264 _aМосква :
_bГуманит Центр Владос,
_c1996.
300 _a352 ст. :
_bилл.
653 _aЭкономическая теория:
653 _aეკონომიკური თეორია
942 _cBK
_2udc